01639nam a2200433 a 450000100100000000500170001000800410002704000200006808200150008810000450010324000420014824501450019026000320033530000260036749000330039353400500042670000390047670000300051570000280054570000320057370000300060570000270063570000260066270000260068870000370071470000350075170000250078670000340081170000280084570000260087370000260089970000250092570000330095070000350098383000420101804900090106095201190106999900170118800002501620200930023517.0110208s1972 sp r 000 0 spa d aDO-SdBNPcBNPHU aNNNbM685s1 aMitterrand, Françoisd1916-199695132910aUn socialisme du possiblelEspañol.10aUn socialismo posibilista /cCon la colaboración de: Jean-Paul Bachy [y otros] Prólogo de Jaume Miravitlles ; traducción Ramón Bech. aBarcelona :bDopesa,c1972. a178, [8] p. ;c18 cm.1 aDocumento periodísticov40 aTítulo original:tUn socialisme du possible1 aMiravitlles, Jaumeepról.9513301 aBech, Ramónetr.9513311 aBachy, Jean-Paul9513321 aBaîetto, Jean-Paul9513331 aBenasayag, Maurice9513341 aCatoire, Gilles9513351 aCusseu, Victor9513361 aEstier, Claude9513371 aEyquem, Marie-Thérèse9513381 aFarandijis, Pierre Joxe9513391 aLavau, Pierre9513401 aLe Chevallier, André9513411 aMalingre, Daniel9513421 aMer-Maz, Louis9513431 aMonnet, Roland9513441 aRoudy, Yvette9513451 aSchoeller, François9513461 aThollon-Pommrol, Vicent951347 0aDocumento periodístico ;v40951348 aBNGR 001054708MOaGRbGRcCTd2011-02-08iLF1l0oNNN M685sp25016-10r2020-06-25w2020-06-25y4ZPréstamo en sala c24509d24509